En aras de la inmortalidad de la civilización

שמור ב:
מידע ביבליוגרפי
מחבר ראשי: Gorbachov, Mijaíl
פורמט: Texto
יצא לאור: Moscú: Agencia de Prensa Nóvosti
תגים: הוספת תג
אין תגיות, היה/י הראשונ/ה לתייג את הרשומה!

MARC

LEADER 00000 a a2200000 04500
001 22411
003
040
090 |a 152800  
100 |a Gorbachov, Mijaíl  
245 |a En aras de la inmortalidad de la civilización  
260 |a Moscú:   |b Agencia de Prensa Nóvosti  
300 |a 23 p.  
999 |c 15841  |d 15841